000 00341 a2200157 4500
001 73579
020 _a852200637-7
040 _cAnchieta - Colégio São Paulo
100 _aGonçalves filho, Jaime
240 1 0 _aParalelos
_lpor
245 1 0 _aParalelos
300 _a101
362 0 _a2004
650 4 _aFicção brasileira
942 _cBK
999 _c73579
_d73579